|
|
แสดงรายละเอียดบรรณานุกรม |
|
|
Brief Record
: Get Marc (ISO 2709)
: E-mail record
: |
| LEADER 00000nama 2200000uu 4500 | |||
| 001 189756 | |||
| 003 ULIBM | |||
| 008 040531s1984 th m m a000 0 tha d | |||
| 020 068-300-921-4 | |||
| 041 eng | |||
| 050 WS17 B725p | |||
| 100 Booth, Ian W. | |||
| 245 Pediatrics : pocket picture guide to clinical medicine / IanW. Booth and Edward R. Wozniak 001 | |||
| 246 Wazniak, Edward R. | |||
| 260 London Wiilian & wilkins 1984 | |||
| 300 112 p. | |||
| 650 Diagnosis in infancy and childhood Title | |||
| 998 1999-03-06 | |||
| คุณยังไม่ได้ล็อกอิน คุณสามารถมีกิจกรรมร่วมกับเว็บไซต์ได้ แต่ต้องล็อกอินก่อน :: |
|
| สถานะ | |||||||||
| 1. | หนังสือทั่วไป สถานะ=อยู่บนชั้นแสดงหนังสือ | WS17 B725p 1984 | On Shelf ขอยืม | ||||||
| [แสดง 1/1 รายการ] | |||||||||
BibComment |
| คอมเมนท์ทรัพยากรรายการนี้ |
|
|